| 000 | 00987nam a22002057a 4500 | ||
|---|---|---|---|
| 005 | 20231202102229.0 | ||
| 008 | 220411b ||||| |||| 00| 0 eng d | ||
| 020 | _a9780889220003 | ||
| 040 | _cAL | ||
| 041 | _aeng | ||
| 082 |
_223 _a812.54 _bRYGE |
||
| 100 |
_aGeorge Ryga _929370 |
||
| 245 | _aEcstasy of rita joe | ||
| 260 |
_aCanada _bTalon Books _c2017 |
||
| 300 |
_a112p. _bPB _c21.5x14cm. |
||
| 365 |
_2General _a6193 _b₹879.20 _c₹ _d₹1099.00 _e20% _f1-03-2022 |
||
| 520 | _aRita Joe is a Native girl who leaves the reservation for the city only to die on skid row as a victim of white men’s violence and paternalistic attitudes towards First Nations peoples. As perhaps the best-known contemporary Canadian play and a poetic drama of enormous theatrical power The Ecstasy of Rita Joe had a major influence in awakening consciousness to the “Indian problem” both in whites and Natives themselves. | ||
| 650 |
_2Literature _aAmerican Drama _929371 |
||
| 942 |
_2ddc _cBK |
||
| 999 |
_c222369 _d222369 |
||